01199cam a22004334i 4500003000900000005001700009008004100026035001900067040003300086100002700119245004200146264003100188300000500219336002100224337002500245338002300270505028400293526001000577526001000587526001000597526001000607526001000617526000900627526000900636526000900645526000900654526000900663526000900672526000900681526000900690526000900699526000900708526000800717526000800725526000800733526000800741526000800749526000800757PE-LiUPU20250731170436.0150625s r 000 0 d a(Sirsi) a31686 aPE-LiUPUbspacPE-LiUPUerda1 aCollins, Gary,eautor.10aHombre en transicion /cGary Collins. 1aE.E.U.U. :bCaribe,c1978. a atext2rdacontent aunmediated2rdamedia avolume2rdacarrier0 aLa psicología y el dirigente de la iglesia. - La niñez: los años formativos. - Adolescencia: los años tumultosos. - La juventud adulta: los años de asentamiento. - La edad madura y la ancianidad: los años de la sensatez. - Saquemos el mayor provecho de las tensiones. aSEG68 aSEG70 aSEG69 aSEG67 aSEG43 aP144 aP143 aP131 aP122 aP120 aP117 aP112 aP110 aP106 aP101 aP80 aP59 aP54 aP35 aP33 aP30